000 00343nam a22001457a 4500
008 250422b ||||| |||| 00| 0 eng d
020 _a9780674207691
041 _aeng
080 _21983
_a101MCG
082 _2101MCG
_a101MCG
100 _a42
101 _aFILOZOFI
245 _aDINOSAURS SPITFIRES
_cCHRISTOPHER McGOWAN
942 _2udc
_cBK
999 _c60682
_d60682